000 00605nam a2200241Ia 4500
003 OSt
005 20230429122421.0
008 210423s2011 xx 000 0 und d
020 _a8121904331
040 _cAL
041 _aeng
082 _a339.3 AHUH
100 _aAHUJA (H L)
_982472
245 _aMacroeconomics: theory and policy
250 _a16
260 _aNew Delhi
_bS Chand & Company Ltd
_c2011
300 _axvi,853
_bPB
365 _b340
_cINR
650 _aEconomics
_982473
650 _aMacroeconomics
_982474
906 _aMacroeconomics: ; policy ; theory
942 _2ddc
_cBK
999 _c157964
_d157964